№ 4; Высшее образование в России

Bibliographic Details
Parent link:Высшее образование в России: научно-педагогический журнал/ Российская Федерация, Министерство образования и науки. № 4.— , 1993-.— 0869-3617
Language:Russian
Published: 2003
Format: Book
KOHA link:https://koha.lib.tpu.ru/cgi-bin/koha/opac-detail.pl?biblionumber=433642

MARC

LEADER 00000nam2a2200000 4500
001 433642
005 20231101075757.0
035 |a (RuTPU)RU\TPU\prd\94577 
035 |a RU\TPU\prd\94571 
090 |a 433642 
100 |a 20110111a19929999k y0rusy50 ca 
101 0 |a rus 
102 |a RU 
200 0 |a № 4 
210 |d 2003 
461 1 |0 (RuTPU)RU\TPU\prd\121  |x 0869-3617  |t Высшее образование в России  |o научно-педагогический журнал  |f Российская Федерация, Министерство образования и науки  |v № 4  |d 1993- 
801 0 |a RU  |b 63413507  |c 20010227  |g PSBO 
801 1 |a RU  |b 63413507  |c 20020916  |g PSBO 
801 2 |a RU  |b 63413507  |c 20110514  |g RCR 
942 |c BK 
999 |a НТБ_ТПУ  |b НФ  |e -8/20110111  |p П-9131  |u 0,00  |v 1